[Event "Sicopweb CC U20"]
[Site "Columbia"]
[Date "2012.11.19"]
[Round "1"]
[White "Obando Guzman, Soren Federico"]
[Black "Cotes Ontibon, Samuel"]
[Result "1-0"]
[WhiteElo "1788"]
[BlackElo "1912"]
[PlyCount "33"]
[EventDate "2012.11.19"]
[EventType "tourn"]
[EventRounds "9"]
[EventCountry "COL"]
[SourceTitle "EXT 2014"]
[Source "ChessBase"]
[SourceDate "2013.11.20"]
[SourceVersion "1"]
[SourceVersionDate "2013.11.20"]
[SourceQuality "1"]

1. e4 e5 2. Nf3 Nc6 3. Bb5 Nf6 4. 0-0 Nxe4 5. Re1 Nd6 6. Bxc6 bxc6 7. Nxe5 Be7 8. d4 0-0 9. Nc3 Bh4 10. Nf3 Bf6 11. Bf4 Ne8 12. Qd3 Bb7 13. Ne5 Be7 14. Ne4 Nf6 15. Ng5 d6 16. Ng4 c5 17. Nxf6+ 1-0